| 000 | 00635nam a2200121Ia 4500 | ||
|---|---|---|---|
| 008 | 220620s9999||||xx |||||||||||||| ||und|| | ||
| 100 | _aHeller, Henry | ||
| 245 | 4 |
_aThe Birth of Capitalism _bA 21st Century Perspective |
|
| 546 | _aEnglish[eng] | ||
| 650 | _aHistory||History||Capitalism||Economics||Feudalism||Europe||Political Economy||Marxism||Industrial Revolution||Bourgeoisie||England||Karl Marx | ||
| 856 | _uhttps://library.oapen.org/bitstream/20.500.12657/30778/1/642724.pdf||https://library.oapen.org/bitstream/20.500.12657/30778/1/642724.pdf||https://library.oapen.org/bitstream/20.500.12657/30778/1/642724.pdf | ||
| 942 | _cEB | ||
| 999 |
_c32156 _d32156 |
||